000 02034nam a2200361 i 4500
001 000021823
003 DO-SdBNP
005 20251209122016.0
007 ta
008 100913s1999 dr ac 000 0 spa d
040 _aDO-SdBNP
_bspa
_cBNPHU
_erda
041 _aspa
049 _aBNPD
082 4 _a972.9383
_bJ38r
_222
100 1 _aJarvis Luis, Rafael,
_d1964-
_eautor
_938002
_4aut.
245 1 3 _aLa Romana :
_borigen y fundación /
_cRefael Jarvis Luis.
264 _aSanto Domingo :
_bEditora Búho,
_c1999.
300 _a143 páginas :
_bilustraciones ;
_c21 cm.
336 _atexto
_btxt
_2rdacontent
337 _asin mediación
_bn
_2rdamedia
338 _avolumen
_bnc
_2rdacarrier
490 1 _aColección Provincias
_v2
500 _aIncluye notas al pie de páginas e índices de cuadros
504 _aBibliografía: páginas133-140
505 _aPrefacio, 9 -- Introducción, 13 -- Capítulo uno. La Romana, origen del nombre, 15 -- Capítulo dos. Fundación de la Romana, 31 -- Capítulo tres. Ordenamiento jurídico del pueblo, 37 -- Capítulo cuatro. Desarrollo industrial en la Romana, 43 -- Capítulo cinco. Ayuntamiento y municipalidad, 59 -- Capítulo seis. Censos, 65 -- Capítulo siete. Cuerpo de bomberos, 71 -- Capítulo ocho. Puerto, 73 -- Capítulo nueve. Aspecto religioso, 75 -- Capítulo diez. Característica arquitectónica, 79 -- Capítulo once. Periódicos, 85 -- Capítulo doce. Acontecimientos de primera categoría en la Romana, 95 -- Capítulo trece. Notas biográficas, 101 -- Conclusión, 109 -- Bibliografía, 133 -- Bibliografía de fotos, 141 -- Índice de cuadros, 143.
650 4 _aCiudades y pueblos
_zRepública Dominicana
_9784
651 0 _aLa Romana (República Dominicana)
_945329
651 4 _aLa Romana (República Dominicana{Rpara}
_xVida Social Y Costumbres
_938004
651 4 _aLa Romana (República Dominicana{Rpara}
_xCondiciones Sociales
_938005
830 0 _aColección Provincias
_n2
_945330
910 _aValidado. Control de calidad BNPHU
942 _2ddc
_cLBS1
999 _c21321
_d21321